| 000 | 00279 a2200085 4500 | ||
|---|---|---|---|
| 100 | 1 |
_aTuckov, L.T.. _eAutor |
|
| 245 | 0 |
_aEstestvennye sumovye izlucenija v radiokanalach / _cTuckov L.T.. |
|
| 710 | 2 |
_aSovetskoe Radio. _eWydawca _4pbl |
|
| 260 |
_aMoskva : _bSovetskoe Radio, _c1968. |
||
| 300 |
_a150 s.; _c24 cm. |
||
| 999 |
_c12808 _d12808 |
||